ŠVOČ 2003. Zborník prác zo sekcií Telekomunikácie 1 a Telekomunikácie 2

Guardado en:
Detalles Bibliográficos
Formato: Libro
Lenguaje:eslovaco
inglés
Publicado: Bratislava : STU v Bratislave, 2003
Materias:
Etiquetas: Agregar Etiqueta
Sin Etiquetas, Sea el primero en etiquetar este registro!

MARC

LEADER 00000nam a22000003a 4500
001 stu80969
005 20150408161508.3
008 030613s2003----xo------------------slo-d
040 |a STU  |b slo 
041 0 |a slo  |a eng 
044 |a xo 
080 |a 621.39  |7 stu_us_auth*stu8291 
245 |a ŠVOČ 2003. Zborník prác zo sekcií Telekomunikácie 1 a Telekomunikácie 2 
260 |a Bratislava :  |b STU v Bratislave,  |c 2003 
300 |a Nestr 
650 7 |a Telekomunikácie  |2 stusub 
996 |b 284EZ00269  |c E*Z-834  |l EE0102  |s P  |a 0  |w stu80969_0001